000 00338nam a2200145Ia 4500
008 100204s9999 xx 000 0 und d
082 _b22037
100 _aHASLET A. W.
245 _aSCIENCE NEWS- 20
260 _bPPENGUIN BOOKS
_c1951
300 _a128
630 _aSCIENCE NEWS- 20
730 _aSCIENCE NEWS- 20
942 _cBOOK
999 _c467149
_d467146